Catálogo público

Proceedings (Record no. 56943)

MARC details
000 -CABECERA
campo de control de longitud fija 01413nam a22003857a 4500
003 - IDENTIFICADOR DEL NÚMERO DE CONTROL
campo de control CHAP
005 - FECHA Y HORA DE LA ÚLTIMA TRANSACCIÓN
campo de control 20220817042827.0
008 - DATOS DE LONGITUD FIJA--INFORMACIÓN GENERAL
campo de control de longitud fija 971013s1978 r 10010 d
010 ## - NÚMERO DE CONTROL DE LA BIBLIOTECA DEL CONGRESO
Número de control de LC 56943
011 ## - ENLACE DEL NUMERO DE CONTROL DE LA BIBLIOTECA DEL CONGRESO [OBSOLETO]
Número de control de LC 57915
035 ## - NÚMERO DE CONTROL DEL SISTEMA
Número de control de sistema 62070
040 ## - FUENTE DE LA CATALOGACIÓN
Centro/agencia transcriptor CHAP
082 ## - NÚMERO DE LA CLASIFICACIÓN DECIMAL DEWEY
Número de clasificación 634
Número de documento/Ítem S9
111 00 - ENTRADA PRINCIPAL--NOMBRE DE CONGRESO/REUNIÓN
Nombre de congreso/reunión o jurisdicción como elemento de entrada Symposium of Fireblight a Bacterial Disease of Pomaceus Plants. (
Fecha del congreso/reunión 1977
Sede del congreso/Lugar de la reunión : Wageningen)
9 (RLIN) 110957
245 ## - MENCIÓN DE TÍTULO
Título Proceedings
260 ## - PUBLICACIÓN, DISTRIBUCIÓN, ETC.
Lugar de publicación, distribución, etc. The Hague :
Nombre del editor, distribuidor, etc. International Society for Horticultural Science,
Fecha de publicación, distribución, etc. 1978
300 ## - DESCRIPCIÓN FÍSICA
Extensión 95 p.
490 ## - MENCIÓN DE SERIE
Mención de serie Acta Horticulturae
Designación de volumen o secuencia ; 86
590 ## - NOTA LOCAL (RLIN)
Nota local BATCH-UPD
Procedencia (VM) [OBSOLETO] 10
Condición del los carretes individuales (VM) [OBSOLETO] 20130109
-- UCH01
-- 2346
590 ## - NOTA LOCAL (RLIN)
Nota local BATCH-UPD
Procedencia (VM) [OBSOLETO] 10
Condición del los carretes individuales (VM) [OBSOLETO] 20130110
-- UCH01
-- 0818
590 ## - NOTA LOCAL (RLIN)
Nota local BATCH-UPD
Procedencia (VM) [OBSOLETO] 10
Condición del los carretes individuales (VM) [OBSOLETO] 20130410
-- UCH01
-- 0456
590 ## - NOTA LOCAL (RLIN)
Nota local BATCH-UPD
Procedencia (VM) [OBSOLETO] 10
Condición del los carretes individuales (VM) [OBSOLETO] 20130913
-- UCH01
-- 1918
590 ## - NOTA LOCAL (RLIN)
Nota local CONVERSION
Procedencia (VM) [OBSOLETO] 10
Condición del los carretes individuales (VM) [OBSOLETO] 20130109
-- UCH01
-- 1331
650 14 - PUNTO DE ACCESO ADICIONAL DE MATERIA--TÉRMINO DE MATERIA
Término de materia o nombre geográfico como elemento de entrada Fruta
Subdivisión general Enfermedades.
9 (RLIN) 43611
650 14 - PUNTO DE ACCESO ADICIONAL DE MATERIA--TÉRMINO DE MATERIA
Término de materia o nombre geográfico como elemento de entrada Manzana
Subdivisión general Enfermedades.
9 (RLIN) 70763
650 14 - PUNTO DE ACCESO ADICIONAL DE MATERIA--TÉRMINO DE MATERIA
Término de materia o nombre geográfico como elemento de entrada Tizón de fuego de la manzana.
830 0# - PUNTO DE ACCESO ADICIONAL DE SERIE-TÍTULO UNIFORME
Título uniforme Acta Horticulturae
Designación de volumen o secuencia ; 86
9 (RLIN) 739
852 #2 - LOCALIZACIÓN
-- ISSUE
Anterior ubicación en estantería 2012-12-17
-- 03
901 ## - ELEMENTOS DE DATOS A LOCAL LDA (RLIN)
a BK
942 ## - ELEMENTOS DE PUNTO DE ACCESO ADICIONAL (KOHA)
Tipo de ítem Koha Libro
949 ## - PROCESAMIENTO DE INFORMACIÓN LOCAL (OCLC)
a 634 S9
b BC
c LIBRO
d 33724000202818
e LIBRO
f c.3
i 62070
s i
t 540.00
949 ## - PROCESAMIENTO DE INFORMACIÓN LOCAL (OCLC)
a 634 S9
b BC
c LIBRO
d 33724000202826
e LIBRO
f c.2
i 62070
s i
t 540.00
949 ## - PROCESAMIENTO DE INFORMACIÓN LOCAL (OCLC)
a 634 S9
b BC
c LIBRO
d 33724000202834
e LIBRO
f c.4
i 62070
s i
t 540.00
949 ## - PROCESAMIENTO DE INFORMACIÓN LOCAL (OCLC)
b BC
c PS
d -133085
e PS
i 62070
s i
t 540.00
Holdings
Estado de retiro Estado de pérdida Fuente del sistema de clasificación o colocación Estado dañado Restricciones de uso No para préstamo Código de colección Localización permanente Ubicación/localización actual Ubicación en estantería Fecha de adquisición Información codificada de la localización en otra ubicación Total de préstamos Signatura topográfica completa Código de barras Fecha visto por última vez Número de copia Precio válido a partir de Tipo de ítem Koha Nota pública
    Dewey Decimal Classification   Préstamo 15 días   General Biblioteca Central Biblioteca Central Planta principal - Colección General 17/12/2012 LIBRO   634 S9 33724000202818 31/12/2019 c.3 31/12/2019 Libro  
    Dewey Decimal Classification   Préstamo 15 días   General Biblioteca Central Biblioteca Central Planta principal - Colección General 17/12/2012 LIBRO   634 S9 33724000202826 31/12/2019 c.2 31/12/2019 Libro  
    Dewey Decimal Classification   Préstamo 15 días   General Biblioteca Central Biblioteca Central Planta principal - Colección General 17/12/2012 LIBRO   634 S9 33724000202834 31/12/2019 c.4 31/12/2019 Libro  
    Clasificación Universidad Autónoma de Chapingo   Préstamo interno   Publicaciones seriadas Biblioteca Central Biblioteca Central Planta baja - Hemeroteca 17/12/2012 ISSUE     -133085 31/12/2019   17/12/2012 Publicaciones seriadas Recien adquirido